| 000 | 00975nam a2200265Ia 4500 | ||
|---|---|---|---|
| 003 | GCL | ||
| 008 | 140319s9999 xx 000 0 ara d | ||
| 040 |
_aGCL / _cGCL |
||
| 082 | 0 | 4 |
_a658.7 _bث م |
| 100 | 1 | _aثابت عبدالرحمن ادريس | |
| 245 | 1 | 0 |
_aمقدمة فى ادارة الاعمال اللوجيستية : _bالامداد والتوزيع المادى / _cثابت عبدالرحمن ادريس |
| 250 | _aد 0 ط | ||
| 260 |
_aالقاهرة : _bالدار الجامعية ، _c2006 |
||
| 300 |
_a275 ص ؛ _c24 سم |
||
| 650 | 0 | 4 | _aادارة الاعمال |
| 650 | 0 | 4 | _aادارة المخازن |
| 650 | 0 | 4 | _aادارة التسويق |
| 650 | 0 | 4 | _aتخطيط الانتاج |
| 650 | 0 | 4 | _aالتوريدات |
| 650 | 0 | 4 | _aخدمة العملاء |
| 650 | 0 | 4 | _aادارة الاعمال اللوجستية |
| 650 | 0 | 4 | _aالتخزين - قوانين وتشريعات |
| 650 | 0 | 4 | _aالموردين - تقييم |
| 942 |
_2ddc _cBK |
||
| 999 |
_c8303 _d8303 |
||